[Event "Istanbul Bagcilar op"]
[Site "Istanbul"]
[Date "2023.09.03"]
[Round "1"]
[White "Elmas, Ozgur"]
[Black "Nuri, Murad Kamil Oglu"]
[Result "1/2-1/2"]
[WhiteElo "1781"]
[BlackElo "2290"]
[PlyCount "116"]
[EventDate "2023.09.03"]
[EventType "swiss"]
[EventRounds "9"]
[EventCountry "TUR"]
[SourceTitle "EXT 2024"]
[Source "ChessBase"]
[SourceDate "2023.10.10"]
[SourceVersion "1"]
[SourceVersionDate "2023.10.10"]
[SourceQuality "1"]

1. d4 Nf6 2. Bg5 g6 3. Bxf6 exf6 4. g3 h5 5. h4 d6 6. Bg2 Bh6 7. e3 0-0 8. Ne2 Re8 9. Nf4 c6 10. c4 Qb6 11. Qd2 Nd7 12. 0-0 f5 13. Nc3 Nf6 14. Rab1 a5 15. Qd3 Bd7 16. c5 dxc5 17. Na4 Qc7 18. Nxc5 Rad8 19. Qb3 Bc8 20. Ncd3 Ne4 21. Qc2 Qe7 22. Qe2 Bg7 23. Rfe1 Qd6 24. Kh2 b6 25. Qc2 Ba6 26. Red1 c5 27. dxc5 Qc7 28. Rbc1 bxc5 29. Bxe4 fxe4 30. Nxc5 Bc8 31. Qa4 Qb6 32. b3 Bf5 33. a3 Qf6 34. b4 axb4 35. axb4 Ra8 36. Qb3 Bg4 37. Rd2 Bh6 38. Nd7 Bxd7 39. Rxd7 Bxf4 40. exf4 Rad8 41. Rcd1 Rxd7 42. Rxd7 Rc8 43. Qe3 Rc4 44. b5 Rb4 45. Rd5 Rb2 46. Kg2 Rb4 47. Re5 Qd6 48. Kh2 Qd4 49. Qxd4 Rxd4 50. Re8+ Kg7 51. b6 Rb4 52. b7 Rxb7 53. Rxe4 Rb2 54. Kg2 Kf6 55. Rc4 Ra2 56. Re4 Rb2 57. Re3 Ra2 58. Kf3 Rb2 1/2-1/2

[Event "Manavgat Turkey Cup"]
[Site "Manavgat"]
[Date "2015.02.04"]
[Round "7"]
[White "Elmas, Ozgur"]
[Black "Uysal, Burak"]
[Result "1-0"]
[WhiteElo "1863"]
[BlackElo "2053"]
[PlyCount "109"]
[EventDate "2015.01.31"]
[EventType "swiss"]
[EventRounds "11"]
[EventCountry "TUR"]
[SourceTitle "CBM 164 Extra"]
[Source "ChessBase"]
[SourceDate "2015.03.02"]
[SourceVersion "1"]
[SourceVersionDate "2015.03.02"]
[SourceQuality "1"]

1. d4 Nf6 2. Bg5 c5 3. Bxf6 exf6 4. d5 d6 5. c4 Be7 6. e3 0-0 7. Bd3 f5 8. Ne2 Na6 9. Nbc3 Bf6 10. 0-0 Rb8 11. a3 Nc7 12. b4 b6 13. Qb1 g6 14. bxc5 dxc5 15. a4 a6 16. Ra3 b5 17. axb5 axb5 18. cxb5 Nxd5 19. Nxd5 Qxd5 20. Rc1 Bb7 21. Nf4 Qd6 22. Bc4 Be4 23. Qa2 Be5 24. Ra6 Rb6 25. Rxb6 Qxb6 26. Nd3 Bb8 27. Nxc5 Qc7 28. g3 Bf3 29. Ne6 Qe7 30. Nxf8 Kxf8 31. Bd5 Bxd5 32. Qxd5 Ba7 33. Rc8+ Kg7 34. Qd8 Qe4 35. Qe8 Qg4 36. Qe5+ Kh6 37. Qf4+ Kh5 38. Qxg4+ fxg4 39. Rc7 Bb6 40. Rxf7 h6 41. e4 Bd4 42. Rd7 Bb6 43. Rd5+ g5 44. e5 Kg6 45. Rd1 Kf5 46. Re1 Ke6 47. Kg2 Bd8 48. f3 Ke7 49. e6 Bb6 50. fxg4 Bc5 51. Kf3 Kd8 52. Ke4 Be7 53. Kf5 Kc7 54. Kg6 Kb6 55. Kf7 1-0

[Event "Manavgat Turkey Cup"]
[Site "Manavgat"]
[Date "2015.02.03"]
[Round "6"]
[White "Sumer, Gun"]
[Black "Elmas, Ozgur"]
[Result "1-0"]
[WhiteElo "1998"]
[BlackElo "1863"]
[PlyCount "41"]
[EventDate "2015.01.31"]
[EventType "swiss"]
[EventRounds "11"]
[EventCountry "TUR"]
[SourceTitle "CBM 164 Extra"]
[Source "ChessBase"]
[SourceDate "2015.03.02"]
[SourceVersion "1"]
[SourceVersionDate "2015.03.02"]
[SourceQuality "1"]

1. e4 c5 2. Nf3 d6 3. d4 cxd4 4. Qxd4 Nc6 5. Bb5 Bd7 6. Bxc6 Bxc6 7. Nc3 Nf6 8. Bg5 e6 9. 0-0-0 Be7 10. Qd3 a6 11. Nd4 Bd7 12. f4 Qa5 13. Kb1 Rc8 14. Nb3 Qc7 15. e5 dxe5 16. fxe5 Ng4 17. Bxe7 Kxe7 18. Qg3 Nxe5 19. Rhe1 Bc6 20. Rxe5 Bxg2 21. Nd4 1-0